|
|
|
|
| LEADER |
00000nam a2200000 i 4500 |
| 005 |
20110714123622.0 |
| 008 |
A10218s1992 sp || s000|0 spa d |
| 020 |
|
|
|a 84-7088-623-1
|
| 024 |
8 |
|
|a 329-92-007-9
|
| 035 |
|
|
|a 5637
|
| 040 |
|
|
|a BUS
|d vLex
|
| 080 |
|
|
|a 342.9
|
| 090 |
|
|
|c 2225
|d 2225
|
| 100 |
1 |
|
|a Ballart, Xavier.
|
| 245 |
1 |
0 |
|a ¿Cm̤o evaluar programas y servicios pb︢licos? :
|b Aproximacin̤ sistemt̀ica y estudios de caso /
|c Xavier Ballart.
|h [Recurso electrn̤ico]
|
| 256 |
|
|
|a Servicio en ln̕ea.
|
| 260 |
|
|
|a Madrid
|b Ministerio para las Administraciones Pb︢licas,
|c 1992.
|
| 300 |
|
|
|a 284 p. ; 24 cm.
|
| 490 |
1 |
|
|a Estudios / Instituto Nacional de Administracin̤ Pb︢lica. Administracin̤ del Estado.
|
| 504 |
|
|
|a Bibliogr.: 267-284 p.
|
| 506 |
1 |
|
|a Contenido solo disponible en los productos indicados
|d vLex Global
|d vLex Global (Academic Edition, excluding Law Schools)
|d vLex Global (U.S. Academic Edition, Law Schools)
|d vLex Global (U.S. Academic Edition, excluding Law Schools)
|d vLex Global (Academic Edition, Law Schools)
|
| 650 |
0 |
4 |
|a Administracin̤ pb︢lica -
|x Evaluacin̤.
|
| 650 |
0 |
4 |
|a Programas gubernamentales -
|x Revisin̤.
|
| 650 |
0 |
4 |
|a Administracin̤ pb︢lica.
|
| 710 |
2 |
|
|a Instituto Nacional de Administracin̤ Pb︢lica (Espaą)
|
| 740 |
0 |
|
|a vLex Libros (Servicio en ln̕ea)
|
| 810 |
2 |
|
|a Instituto Nacional de Administracin̤ Pb︢lica (Espaą).
|t Estudios.
|n Administracin̤ del Estado.
|
| 856 |
4 |
0 |
|u http://vlex.com/source/como-evaluar-programas-servicios-publicos-5637
|z Acceso restringido
|
| 942 |
|
|
|c BOOK
|